| 000 | 00643cam a2200241 a 4500 | ||
|---|---|---|---|
| 001 | 000003988 | ||
| 003 | DO-SdBNP | ||
| 005 | 20220927094517.0 | ||
| 007 | ta | ||
| 008 | 991222s1999 mx 000 p spa d | ||
| 020 | _a9681906241 | ||
| 040 |
_aDO-SdBNP _cBNPHU _bspa |
||
| 082 | 4 |
_aU861.44 _bB462r _222 |
|
| 100 | 1 |
_aBenedetti, Mario, _d1920-2009. _911959 |
|
| 245 | 1 | 0 |
_aRincón de haikus / _cMario Benedetti. |
| 260 |
_aMéxico : _bAlfaguara, _c1999. |
||
| 300 |
_a224 p. ; _c15 cm. |
||
| 590 | _aInventariado, 2022 / DG | ||
| 650 | 4 |
_aPoesía uruguaya _93846 |
|
| 650 | 4 |
_aLiteratura uruguaya _93054 |
|
| 910 | _aDG | ||
| 942 |
_2ddc _cLBS1 |
||
| 999 |
_c3807 _d3807 |
||